1705 1852 1149 1058 1366 1153 1077 1615 1394 1695 1294 1776 1388 1888 1365 1264 1099 1453 1009 1197 1725 1411 1879 1027 1101 1812 1545 1626 1618 1551 1658 1053 1932 1006 1018 1316 1555 1546 1753 1706 1296 1249 1105 1774 1389 1706 1139 1804 1266 1012 1013 1029 1056 1000 1148 1663 1224 1285 1788 1052 1382 1223 1518 1594 1837 1069 1937 1418 1673 1801 1125 1265 1375 1679 1609 1339 1490 1513 1589 1792 1714 1276 1960 1643 1112 1453 1907 1587 1268 1445 1999 1868 1346 1496 1488 1361 1149 1852 1330 BCNSPRNW ULIB Ver.6.0+V

เปลี่ยนเป็นภาษาไทย

Change to English
 แสดงรายละเอียดบรรณานุกรม
  กลับหน้าหลัก

Brief Record : Get Marc (ISO 2709) : E-mail record : QR code < ปิดหน้าต่าง
LEADER : 00000nam 2200000uu 4500
001    13399128669
003     ULIB
008    230928s||||||||th 000 0 tha d
020    ^a9786163920218
060    ^aWS440^bS168น
100    ^aSally
245    ^aนิทานอีสป 2 ภาษา(ไทย-อังกฤษ)สำหรับเด็กๆหัดอ่านและเรียนรู้ภาษาอังกฤษ หมาป่ากับลูกแกะ : The Wolf and the Lamb
250    ^aพิมพ์ครั้งที่ 1
260    ^aกรุงเทพฯ :^bโลกหนังสือ,^c2560
300    ^a10 หน้า;^c19 ซม.
650    ^aนิทานเด็ก
650    ^aเด็ก-พัฒนาการ
945    ^p35^l0^i30041
999    ^aกัณชพร จุลอักษร
รายการนี้ยังไม่มีแท็ก
คุณยังไม่ได้ล็อกอิน คุณสามารถมีกิจกรรมร่วมกับเว็บไซต์ได้ แต่ต้องล็อกอินก่อน ::
  ล็อกอิน

รายการสื่อสารสนเทศ

ลำดับที่ ประเภท เลขเรียก/บาร์โค้ด สถานที่ สถานะ
1. วิทยาศาสตร์การแพทย์ และสุขภาพ
วิทยาศาสตร์การแพทย์ และสุขภาพ
WS440 S168น ฉ.1 
  Barcode: 30041
ห้องสมุดวิทยาเขตนครสวรรค์
►หนังสือทั่วไป:l:General Books
บนชั้น

รายการใกล้เคียง
    ชื่อเรื่อง [นิทานอีสป 2 ภาษา(ไทย-อังกฤษ)สำหรับเด็กๆหัดอ่านและเรียนรู้ภาษาอังกฤษ หมาป่ากับลูกแกะ : The Wolf and the Lamb]

    ผู้แต่ง [Sally]

    หัวเรื่อง [นิทานเด็ก]
    หัวเรื่อง [เด็ก-พัฒนาการ]

BibComment


ยังไม่เคยถูกคอมเมนท์

คอมเมนท์ทรัพยากรรายการนี้
  คอมเมนท์: นิทานอีสป 2 ภาษา..


 Copyright 2026. Bcnsprnw @Library